Online
Catalog

2.500 años de literatura universal : (Record no. 24079)

MARC details
000 -CABECERA
campo de control de longitud fija 00788nam a2200205 a 4500
001 - NÚMERO DE CONTROL
campo de control 000024586
005 - FECHA Y HORA DE LA ÚLTIMA TRANSACCIÓN
campo de control 20260429135248.0
008 - DATOS DE LONGITUD FIJA--INFORMACIÓN GENERAL
campo de control de longitud fija 110201s2006 cl 000 0 spa d
020 ## - NÚMERO INTERNACIONAL ESTÁNDAR DEL LIBRO
Número Internacional Estándar del Libro 9586773493
040 ## - FUENTE DE LA CATALOGACIÓN
Centro catalogador/agencia de origen DO-SdBNP
Lengua de catalogación spa
Centro/agencia transcriptor BNPHU
082 ## - NÚMERO DE LA CLASIFICACIÓN DECIMAL DEWEY
Número de clasificación 809
Número de documento/Ítem D722
245 00 - MENCIÓN DE TÍTULO
Título 2.500 años de literatura universal :
Resto del título consultor biográfico y literario /
Mención de responsabilidad, etc. Fanny Zamora Nieto.
246 13 - FORMA VARIANTE DE TÍTULO
Título propio/Titulo breve Dos mil quinientos años de literatura universal.
260 ## - PUBLICACIÓN, DISTRIBUCIÓN, ETC.
Lugar de publicación, distribución, etc. Colombia :
Nombre del editor, distribuidor, etc. Zamora Editores,
Fecha de publicación, distribución, etc. 2006.
300 ## - DESCRIPCIÓN FÍSICA
Extensión 1370 p. :
Otras características físicas il. ;
Dimensiones 28 cm.
505 0# - NOTA DE CONTENIDO CON FORMATO
Título Cuentos --
-- Drama --
-- Ensayo--
-- Historia --
-- Leyenda --
-- Mito --
-- Novela--
-- Poesía --
-- Prosa --
-- Teatro--
650 #0 - PUNTO DE ACCESO ADICIONAL DE MATERIA--TÉRMINO DE MATERIA
Término de materia o nombre geográfico como elemento de entrada Literatura
Subdivisión general Historia y crítica
9 (RLIN) 835
700 12 - PUNTO DE ACCESO ADICIONAL--NOMBRE DE PERSONA
Nombre de persona Zamora Nieto, Fanny
9 (RLIN) 50425
910 ## - DATOS DE OPCIÓN DEL USUARIO (OCLC)
Datos de opción del usuario Validado. Control de calidad MFF
Holdings
Estado de retiro Estado de pérdida Restricciones de uso No para préstamo Código de colección Localización permanente Ubicación/localización actual Ubicación en estantería Fecha de adquisición Número de inventario Total de préstamos Signatura topográfica completa Código de barras Fecha visto por última vez Precio válido a partir de Tipo de ítem Koha Número de copia
      Excluido de préstamo Monografías: Libros y Folletos General General Depósito 01.02.2011 LF1   809 D722 24586-10 25.06.2020 25.06.2020 No se presta  
      Excluido de préstamo Monografías: Libros y Folletos General General Depósito 01.02.2011 LF1   809 D722 24586-20 25.06.2020 25.06.2020 No se presta e. 2

Powered by Koha